UM Logo

Protecting crime victims in state constitutions : (Record no. 20562)

MARC details
000 -LEADER
fixed length control field 00778nam a22001937a 4500
003 - CONTROL NUMBER IDENTIFIER
control field OSt
005 - DATE AND TIME OF LATEST TRANSACTION
control field 20250204122320.0
008 - FIXED-LENGTH DATA ELEMENTS--GENERAL INFORMATION
fixed length control field 240816b ||||| |||| 00| 0 eng d
040 ## - CATALOGING SOURCE
Transcribing agency 0
082 ## - DEWEY DECIMAL CLASSIFICATION NUMBER
Classification number DPer 364.05 J826 Winter-Spring v. 110 n. 1-2
100 ## - MAIN ENTRY--PERSONAL NAME
Personal name Cassell , Paul G.
Relator term author.
9 (RLIN) 44029
245 ## - TITLE STATEMENT
Title Protecting crime victims in state constitutions :
Remainder of title the example of the new Marsy's law for Florida /
Statement of responsibility, etc. Paul G. Cassell & Margaret Garvin .
260 ## - PUBLICATION, DISTRIBUTION, ETC. (IMPRINT)
Place of publication, distribution, etc. Evanston ;
Name of publisher, distributor, etc. Northwestern University Press ,
Date of publication, distribution, etc. Spring 2020.
300 ## - PHYSICAL DESCRIPTION
Extent volume 110, pages 99-140.
500 ## - GENERAL NOTE
General note The Journal of Criminal Law and Criminology, vol. 110, pages 99-140, Spring 2020.
700 ## - ADDED ENTRY--PERSONAL NAME
Personal name Cassell , Paul G.
Relator term author.
9 (RLIN) 44029
700 ## - ADDED ENTRY--PERSONAL NAME
Personal name Garvin, Margaret.
Relator term author.
9 (RLIN) 58083
942 ## - ADDED ENTRY ELEMENTS (KOHA)
Source of classification or shelving scheme Dewey Decimal Classification
Koha item type Periodicals
Holdings
Withdrawn status Lost status Source of classification or shelving scheme Damaged status Not for loan Collection code Home library Current library Date acquired Total Checkouts Full call number Date last seen Price effective from Koha item type Public note
    Dewey Decimal Classification     Periodicals UM Digos College - LIC UM Digos College - LIC 08/16/2024   DPer 364.05 J82 Winter - Spring 2020 v110 no. 1-2 08/16/2024 08/16/2024 Periodicals Periodical Article